Robotics Joint Conference on Robotics, LARS 2014, SBR 2014, Robocontrol 2014, São Carlos, Brazil, October 18-23, 2014. Revised Selected Papers /

This book constitutes the refereed proceedings of the Joint Conference on Robotics, LARS, SBR, Robocontrol 2014, held in São Carlos, Brazil, in October 2014. The 8 revised full papers presented were carefully reviewed and selected from 76 submissions. The selected papers present a complete and solid...

Πλήρης περιγραφή

Λεπτομέρειες βιβλιογραφικής εγγραφής
Συγγραφή απο Οργανισμό/Αρχή: SpringerLink (Online service)
Άλλοι συγγραφείς: Osório, Fernando S. (Επιμελητής έκδοσης), Wolf, Denis Fernando (Επιμελητής έκδοσης), Castelo Branco, Kalinka (Επιμελητής έκδοσης), Grassi Jr., Valdir (Επιμελητής έκδοσης), Becker, Marcelo (Επιμελητής έκδοσης), Romero, Roseli A. Francelin (Επιμελητής έκδοσης)
Μορφή: Ηλεκτρονική πηγή Ηλ. βιβλίο
Γλώσσα:English
Έκδοση: Berlin, Heidelberg : Springer Berlin Heidelberg : Imprint: Springer, 2015.
Έκδοση:1st ed. 2015.
Σειρά:Communications in Computer and Information Science, 507
Θέματα:
Διαθέσιμο Online:Full Text via HEAL-Link
LEADER 03323nam a22005295i 4500
001 978-3-662-48134-9
003 DE-He213
005 20151201021244.0
007 cr nn 008mamaa
008 151130s2015 gw | s |||| 0|eng d
020 |a 9783662481349  |9 978-3-662-48134-9 
024 7 |a 10.1007/978-3-662-48134-9  |2 doi 
040 |d GrThAP 
050 4 |a Q334-342 
050 4 |a TJ210.2-211.495 
072 7 |a UYQ  |2 bicssc 
072 7 |a TJFM1  |2 bicssc 
072 7 |a COM004000  |2 bisacsh 
082 0 4 |a 006.3  |2 23 
245 1 0 |a Robotics  |h [electronic resource] :  |b Joint Conference on Robotics, LARS 2014, SBR 2014, Robocontrol 2014, São Carlos, Brazil, October 18-23, 2014. Revised Selected Papers /  |c edited by Fernando S. Osório, Denis Fernando Wolf, Kalinka Castelo Branco, Valdir Grassi Jr., Marcelo Becker, Roseli A. Francelin Romero. 
250 |a 1st ed. 2015. 
264 1 |a Berlin, Heidelberg :  |b Springer Berlin Heidelberg :  |b Imprint: Springer,  |c 2015. 
300 |a XVII, 169 p. 91 illus. in color.  |b online resource. 
336 |a text  |b txt  |2 rdacontent 
337 |a computer  |b c  |2 rdamedia 
338 |a online resource  |b cr  |2 rdacarrier 
347 |a text file  |b PDF  |2 rda 
490 1 |a Communications in Computer and Information Science,  |x 1865-0929 ;  |v 507 
505 0 |a Autonomous mobile robots -- Tele-operated and telepresence robots -- Human-robot interaction -- Trajectory control for mobile robots -- Autonomous vehicles -- Service-oriented robotic Systems -- Semantic mapping -- Environment mapping -- Visual odometry -- Applications of RGB-D sensors -- Humanoid and biped robots -- Robocup soccer robots -- Robot control -- Path planning -- Multiple vehicles and teams of robots. 
520 |a This book constitutes the refereed proceedings of the Joint Conference on Robotics, LARS, SBR, Robocontrol 2014, held in São Carlos, Brazil, in October 2014. The 8 revised full papers presented were carefully reviewed and selected from 76 submissions. The selected papers present a complete and solid reference of the state-of-the-art of intelligent robotics and automation research, covering the following areas: autonomous mobile robots, tele-operated and telepresence robots, human-robot interaction, trajectory control for mobile robots, autonomous vehicles, service-oriented robotic systems, semantic mapping, environment mapping, visual odometry, applications of RGB-D sensors, humanoid and biped robots, Robocup soccer robots, robot control, path planning, multiple vehicles and teams of robots. 
650 0 |a Computer science. 
650 0 |a Artificial intelligence. 
650 1 4 |a Computer Science. 
650 2 4 |a Artificial Intelligence (incl. Robotics). 
700 1 |a Osório, Fernando S.  |e editor. 
700 1 |a Wolf, Denis Fernando.  |e editor. 
700 1 |a Castelo Branco, Kalinka.  |e editor. 
700 1 |a Grassi Jr., Valdir.  |e editor. 
700 1 |a Becker, Marcelo.  |e editor. 
700 1 |a Romero, Roseli A. Francelin.  |e editor. 
710 2 |a SpringerLink (Online service) 
773 0 |t Springer eBooks 
776 0 8 |i Printed edition:  |z 9783662481332 
830 0 |a Communications in Computer and Information Science,  |x 1865-0929 ;  |v 507 
856 4 0 |u http://dx.doi.org/10.1007/978-3-662-48134-9  |z Full Text via HEAL-Link 
912 |a ZDB-2-SCS 
950 |a Computer Science (Springer-11645)